Statistics for Junior Eurovision Song Contest Quiz

Click here to take the quiz!

General Stats

  • This quiz has been taken 14 times
  • The average score is 12 of 15

Answer Stats

HintAnswer% Correct
Winning country of 2022 & 2020France
100%
Singer who won in 2020Valentina
100%
Country debuted in 2020Germany
92%
Host city in 2021Paris
92%
The country that one twice in a rowPoland
92%
The country that has never placed outside the top 10Armenia
85%
Country that came 2nd in 2022Armenia
85%
Host country in 2003Denmark
85%
Country that has won three timesGeorgia
85%
Country that won the contest in 2017Russia
85%
Singer who represented Poland in 2019Viki Gabor
85%
Country that won the first contestCroatia
77%
Host city in 2022Yerevan
77%
Country that came last in 2019Malta
62%
Host in the 2022 contest who also represented Armenia in 2019Karina Ignatyan
23%

Score Distribution

Percentile by Number Answered

Percent of People with Each Score

Your Score History

You have not taken this quiz